| 000 | 00656nam a22002297a 4500 | ||
|---|---|---|---|
| 003 | UA-OsUOA | ||
| 001 | 90279 | ||
| 007 | ta | ||
| 008 | 20121115b un ||||| |||| 00| 0 ukr d | ||
| 100 | _aЖиленко І. | ||
| 090 |
_a821.1612 _bЖ72 |
||
| 942 | _cBK | ||
| 040 |
_aUA-OsUOA _brus _cUA-OsUOA _dUA-OsUOA |
||
| 245 |
_aКонцерт для скрипки, дождя и сверчка _bкнига стихов |
||
| 300 | _a62 с. | ||
| 955 | _a3 | ||
| 041 | _arus | ||
| 080 | _a821.1612 | ||
| 260 |
_aМ. _bМолодая гвардия _c1984 |
||
| 650 | 7 |
_a82 Література. Літературознавство _2UDC |
|
| 999 |
_c376503 _d376503 |
||